Tables of logarithms all numbers from 1 ro 101000 (Record no. 1202)
[ view plain ]
| 000 -LEADER | |
|---|---|
| fixed length control field | 00602nam a2200169Ia 4500 |
| 003 - CONTROL NUMBER IDENTIFIER | |
| control field | IN-BaIIA |
| 005 - DATE AND TIME OF LATEST TRANSACTION | |
| control field | 20250704151844.0 |
| 008 - FIXED-LENGTH DATA ELEMENTS--GENERAL INFORMATION | |
| fixed length control field | 211028s9999 xx 000 0 eng d |
| 040 ## - CATALOGING SOURCE | |
| Transcribing agency | IIA Library |
| 080 ## - UNIVERSAL DECIMAL CLASSIFICATION NUMBER | |
| Universal Decimal Classification number | (083)51 |
| Item number | TAY |
| 100 ## - MAIN ENTRY--PERSONAL NAME | |
| Personal name | Taylor, Michael |
| 9 (RLIN) | 2509 |
| 245 #0 - TITLE STATEMENT | |
| Title | Tables of logarithms all numbers from 1 ro 101000 |
| Remainder of title | and of the sines and tangents to every second of the quadrant |
| Statement of responsibility, etc. | Michael Taylor |
| 260 ## - PUBLICATION, DISTRIBUTION, ETC. | |
| Place of publication, distribution, etc. | London |
| Name of publisher, distributor, etc. | Christopher Buckton |
| Date of publication, distribution, etc. | 1792 |
| 300 ## - PHYSICAL DESCRIPTION | |
| Extent | [various pagings.] |
| 650 ## - SUBJECT ADDED ENTRY--TOPICAL TERM | |
| Topical term or geographic name entry element | Astronomy and Astrophysics thesaurus |
| 942 ## - ADDED ENTRY ELEMENTS (KOHA) | |
| Koha item type | Books |
| Source of classification or shelving scheme | Dewey Decimal Classification |
| Withdrawn status | Lost status | Source of classification or shelving scheme | Damaged status | Not for loan | Home library | Current library | Shelving location | Date acquired | Total Checkouts | Full call number | Barcode | Date last seen | Price effective from | Koha item type | Purchase Price |
|---|---|---|---|---|---|---|---|---|---|---|---|---|---|---|---|
| Dewey Decimal Classification | IIA Library-Bangalore | IIA Library-Kodaikanal | General Stacks | (083)51/ TAY | 1267 | 05/11/2021 | Books |